Lo que cuestan los malos jefes: cómo enfrentar la falta de liderazgo
Збережено в:
| Автор: | |
|---|---|
| Формат: | Книга |
| Мова: | Іспанська |
| Опубліковано: |
Ciudad de México
Grijalbo
1995
|
| Серія: | Guía Práctica de Bolsillo
|
| Предмети: | |
| Теги: |
Додати тег
Немає тегів, Будьте першим, хто поставить тег для цього запису!
|
MARC
| LEADER | 00000nam a2200000 a 4500 | ||
|---|---|---|---|
| 001 | UCN7115 | ||
| 003 | CL-VaPUC | ||
| 008 | 011012e19950000MX |||||||||||||||||spa|d | ||
| 082 | 0 | 4 | |a 658.4 |b ROD |2 21 |
| 100 | 0 | |a Rodríguez Salazar, Manuel |e author |9 463041 | |
| 245 | 1 | 3 | |a Lo que cuestan los malos jefes: cómo enfrentar la falta de liderazgo |
| 300 | |a 117 p | ||
| 942 | |c BK | ||
| 945 | |d 20011012 00:00:00 |a cmena | ||
| 260 | |a Ciudad de México |b Grijalbo |c 1995 | ||
| 650 | 0 | |a Liderazgo |9 271835 | |
| 650 | 0 | |a Administración de empresas |9 260833 | |
| 650 | 7 | |a FALTA DE LIDERAZGO |2 CL-VaPUC |9 463042 | |
| 583 | |a last modification |c 20011012 00:00:00 |k Rodrigo Vera | ||
| 490 | 0 | |a Guía Práctica de Bolsillo | |
| 999 | |c 297632 |d 297630 | ||
| 952 | |0 0 |1 0 |4 0 |6 658_400000000000000_ROD_1995 |7 0 |8 A |9 352547 |a BIBEDU |b BIBEDU |d 2019-11-21 |i 3762890 |o 658.4 ROD 1995 |p 3762890 |r 2019-11-21 |w 2019-11-21 |y BK |k CUE | ||